Top 15 Happiest Countries in the World - Statistics

General Stats
  • This quiz has been taken 224 times
  • The average score is 11 of 15
Answer Stats
Happiness Score Country % Correct
7.353 Sweden
97%
7.809 Finland
94%
7.488 Norway
93%
7.646 Denmark
91%
7.504 Iceland
88%
7.232 Canada
87%
7.56 Switzerland
85%
7.223 Australia
84%
7.3 New Zealand
78%
7.449 Netherlands
76%
7.165 United Kingdom
76%
7.294 Austria
71%
7.238 Luxembourg
69%
7.129 Israel
28%
7.121 Costa Rica
21%
No matching quizzes found
Score Distribution
Percent of People with Each Score
Percentile by Number Answered
Your Score History
You have not taken this quiz